Türkiye istatistik yıllığı (Record no. 4690)

MARC details
000 -BAŞLIK
Sabit Uzunlukta Kontrol Alanı 01364na a2200373 4500
001 - KONTROL NUMARASI
Denetim Alanı 15114
003 - KONTROL NUMARASI IDENTIFIER
Denetim Alanı MIRAKIL
005 - SON İŞLEM TARİHİ VE ZAMANI
Denetim Alanı 20181213155014.0
008 - SABİT-BOY VERİ ELEMANLARI - GENEL BİLGİLER
Sabit Uzunlukta Kontrol Alanı 160903b tu 000 0
020 ## - ULUSLARARASI STANDART KİTAP NUMARASI
Uluslararası Standart Kitap Numarası 9751931797
022 ## - ULUSLARARASI STANDART SERİ NUMARASI
Uluslararası Standart Süreli Yayın Numarası 0082-691X
035 ## - SİSTEM KONTROL NUMARASI
Sistem Kontrol Numarası 15114
040 ## - KATALOGLAMA KAYNAK
Orijinal Kataloglama Ajansı Milas
Kataloglama Dili tur
Metne Dönüştürmek Ajansı TR-AnCHP
041 ## - DİL KODU
Metin / Ses Parça Veya Ayrı Başlığın Dil Kodu tur
-- eng
082 ## - DEWEY ONLU SINIFLANDIRMA NUMARASI
Sınıflandırma Numarası DAN 315.61 2001
Ürün Numarası T95i 2002
090 ## - SINIFLAMA NUMARASI
Sınıflama Numarası DAN 315.61 2001 T95i 2002
100 ## - ANA GİRİŞ - KİŞİSEL İSİM
Kişisel Ad Devlet İstatistik Enstitüsü (DİE)
222 ## - ANAHTAR ADI
Anahtar Başlık İstatistik yıllığı
245 ## - BAŞLIK TABLOSU
Başlık Türkiye istatistik yıllığı
Başlığın Kalan 2001 = Statistical yearbook of Turkey
Sorumluluk Tablosu, Vb Devlet İstatistik Enstitüsü
246 ## - UNVAN FORM VARYING
Başlık Doğru / Kısa Başlığı Turkey's statistical yearbook
246 ## - UNVAN FORM VARYING
Başlık Doğru / Kısa Başlığı Statistical yearbook of Turkey
260 ## - YAYIN, DAĞITIM, VB
Yayın, Dağıtım, Vb Yeri Ankara
Yayıncı, Dağıtıcı, Vs Adı Devlet İstatistik Enstitüsü (DİE)
Yayın, Dağıtım, Vb Tarihi 2002
300 ## - FİZİKSEL TANIM
Kapsam xxviii, 733 s.
Diğer Fiziksel Ayrıntıları rnkl. res.,tbl., grf., hrt.
Boyutlar 29 sm.
310 ## - MEVCUT YAYIN FREKANSI
Güncel Yayın Frekansı Yıllık
490 ## - SERİSİ TABLOSU
Seri Beyanı Devlet İstatistik Enstitüsü
Hacim / Ardışık Tanımı 2690
500 ## - GENEL NOT
Genel Not Derginin elektronik ortamı mevcuttur.
500 ## - GENEL NOT
Genel Not 2007 yılı itibarıyla ciltler 24 sm.dir.
500 ## - GENEL NOT
Genel Not Kurum adı "Türkiye İstatistik Kurumu (TÜİK)" olmuştur.
546 ## - DİL NOTU
Dil Notu Kitap Türkçe ve İngilizce karşılıklıdır.
650 ## - KONU KATMA GİRİŞ - TOPİKAL DÖNEM
Topikal Süreli Veya Coğrafi Ad Giriş Elemanı İstatistikler
Genel Alt Bölümü Yıllıklar
Coğrafi Alt Bölümü Türkiye
651 ## - KONU KATMA GİRİŞ - COĞRAFİ ADI
Coğrafi İsim Türkiye
Genel Alt Bölümü İstatistikler
Kronolojik Alt Bölümü Süreli yayınlar
710 ## - KATMA GİRİŞ - KURUMSAL ADI
Giriş Elemanı Olarak Kurumsal Ad Veya Yargı Alanı Adı Türkiye İstatistik Kurumu (TÜİK)
942 ## - EKLENDİ GİRİŞ ELEMANLARI (KOHA)
Sınıflandırma Veya Raf Düzeni Kaynak
Koha Öğesi Türü Books
999 ## - SİSTEM KONTROL NUMARALARI (KOHA)
Koha Biblionumber 4690
Koha Biblioitemnumber 4690
Holdings
Kalıcı Konum Mevcut Konum Edinme Tarihi Edinim Kaynak Toplam Check-Out'Lar Tam Çağrı Numarası Barkod Tarih Son Görülme İtibaren Geçerli Fiyatlar Koha Öğesi Türü Kopya Sayısı
CHP Kütüphanesi CHP Kütüphanesi 09/03/2016 Bağış   DAN 315.61 2001 T95i 2002 002524 09/03/2016 09/03/2016 Books  
CHP Kütüphanesi CHP Kütüphanesi 09/03/2016 Bağış   DAN 315.61 2001 T95i 2002 002525 09/03/2016 09/03/2016 Books k.2
CHP Kütüphanesi CHP Kütüphanesi 09/03/2016 Bağış   DAN 315.61 2001 T95i 2002 002526 09/03/2016 09/03/2016 Books k.3